[Event "Tournoi Skype 024B"]
[Site "Skype"]
[Date "????.??.??"]
[Round "5.28"]
[White "Douichi, Mohammed"]
[Black "Dhenain, Sebastien"]
[Result "0-1"]
[WhiteElo "1243"]
[BlackElo "1244"]
[PlyCount "70"]

1. e4 e5 2. Nf3 Nc6 3. Bc4 Nf6 4. Ng5 d5 5. exd5 Nxd5 6. d3 h6 7. Nf3 Bb4+ 8.
c3 Be7 9. O-O O-O 10. Qb3 Na5 11. Qb5 Nxc4 12. Qxc4 Be6 13. Qe4 Nf6 14. Qxe5
Bd6 15. Qe1 Re8 16. Qd1 Ng4 17. h3 Nf6 18. d4 Bd5 19. Be3 Bxf3 20. Qxf3 Qe7 21.
Qxb7 Reb8 22. Qc6 Qe8 23. Qxe8+ Rxe8 24. Nd2 Ne4 25. Nf3 Be7 26. Bf4 Bd6 27.
Bxd6 cxd6 28. d5 Nf6 29. c4 Rac8 30. b3 Ne4 31. Rfe1 Re7 32. Kf1 Rce8 33. Nd4
Nd2+ 34. Kg1 Rxe1+ 35. Rxe1 Rxe1+ 0-1

[Event "Tournoi Skype 024B"]
[Site "Skype"]
[Date "????.??.??"]
[Round "5.29"]
[White "Chavez, Isidro"]
[Black "Perez, Luis-Horacio"]
[Result "0-1"]
[WhiteElo "1000"]
[BlackElo "1000"]
[PlyCount "80"]

1. d4 d5 2. Nc3 e6 3. e3 a6 4. a3 Nc6 5. Nf3 Be7 6. Bd3 Nf6 7. h4 Qd6 8. Ng5
Rf8 9. Nxh7 Nxh7 10. Bxh7 e5 11. dxe5 Nxe5 12. Nxd5 Be6 13. Nf4 O-O-O 14. Qxd6
Rxd6 15. Bd2 Rfd8 16. O-O-O Nc4 17. Bc3 Bf6 18. Bd3 Bxc3 19. bxc3 Nxa3 20. c4
Rb6 21. Kd2 Nxc4+ 22. Ke2 Nb2 23. Rb1 Nxd3 24. Nxd3 Bc4 25. Rxb6 cxb6 26. h5 b5
27. g4 b4 28. Kf3 Bd5+ 29. e4 Be6 30. Nxb4 a5 31. Nd3 f6 32. Nc5 Bc4 33. Rb1
Rd2 34. Rb6 Be2+ 35. Kg3 Rxc2 36. Nxb7 Kc7 37. Rb3 a4 38. Rb4 Rc3+ 39. Kf4 a3
40. Na5 Rf3# 0-1

[Event "Tournoi Skype 024B"]
[Site "Skype"]
[Date "????.??.??"]
[Round "5.30"]
[White "Hernandez Lopez, Joaquin"]
[Black "Santos, Joselito"]
[Result "0-1"]
[WhiteElo "1270"]
[BlackElo "1000"]
[PlyCount "80"]

1. e4 c5 2. c3 e6 3. Nf3 Nc6 4. d4 b6 5. Bg5 f6 6. Bh4 d6 7. Bb5 Bd7 8. d5 Qc7
9. Bxc6 Bxc6 10. dxc6 Qxc6 11. Nbd2 O-O-O 12. O-O e5 13. Re1 Be7 14. Qb3 Qd7
15. Qd5 Kb8 16. b4 g5 17. Bg3 Rc8 18. Qb3 h5 19. h4 g4 20. Nh2 Nh6 21. Nc4 Qc7
22. Rac1 Rhf8 23. bxc5 Qxc5 24. Ne3 f5 25. Qd5 f4 26. Qxc5 Rxc5 27. Nd5 fxg3
28. fxg3 Bd8 29. c4 Ng8 30. Rf1 Nf6 31. Nb4 Kb7 32. a4 Be7 33. Rf5 Nxe4 34.
Rxh5 Nxg3 35. Nxg4 Ne2+ 36. Kh2 Nxc1 37. Rh7 Rxc4 38. Rxe7+ Rc7 39. Re6 Rf4 40.
Kh3 Rxb4 0-1

[Event "Tournoi Skype 024B"]
[Site "Skype"]
[Date "????.??.??"]
[Round "5.31"]
[White "Barrionuevo, Hilario"]
[Black "Gerbaux, Regis"]
[Result "0-1"]
[WhiteElo "1000"]
[BlackElo "1331"]
[PlyCount "58"]

1. d4 d5 2. Nf3 Bg4 3. h3 Bxf3 4. exf3 e6 5. Bd3 c6 6. O-O Bd6 7. f4 Qh4 8. Nd2
Bxf4 9. Re1 Nf6 10. Nf3 Qh6 11. c4 O-O 12. Qc2 Nbd7 13. cxd5 cxd5 14. Bb5 Rac8
15. Qd3 Bxc1 16. Raxc1 Rxc1 17. Kf1 Rxe1+ 18. Kxe1 Rc8 19. Qd1 Rc1 20. Ke2 Rxd1
21. Kxd1 Nb6 22. a4 Ne4 23. a5 Nc8 24. b4 Nc3+ 25. Kc2 Nxb5 26. Kb3 Ncd6 27.
Ne5 Qc1 28. Nd3 Qc3+ 29. Ka2 Qxd3 0-1

[Event "Tournoi Skype 024B"]
[Site "Skype"]
[Date "????.??.??"]
[Round "5.34"]
[White "Canova, Felix"]
[Black "Moumtaz, Abderrahim"]
[Result "0-1"]
[WhiteElo "1000"]
[BlackElo "1292"]
[PlyCount "54"]

1. e4 e5 2. Nf3 Nc6 3. d3 Bc5 4. Be3 Qe7 5. Nbd2 Nf6 6. Be2 Ng4 7. Nb3 Nxe3 8.
fxe3 Bxe3 9. d4 exd4 10. Bd3 d6 11. Qe2 Bg4 12. h4 Ne5 13. Bb5+ c6 14. Ba4 b5
15. Nbxd4 bxa4 16. Ng5 Bxe2 17. Nxe2 Nc4 18. Rd1 Nxb2 19. Rd2 Bxd2+ 20. Kxd2
Nc4+ 21. Kd3 Ne5+ 22. Ke3 d5 23. c4 Nxc4+ 24. Kd4 h6 25. Nf3 Qxe4+ 26. Kc3 Qxe2
27. Nd4 Qb2+ 0-1

[Event "Tournoi Skype 024B"]
[Site "Skype"]
[Date "????.??.??"]
[Round "5.35"]
[White "Le Bouill, Pierre"]
[Black "Conde, Carmen"]
[Result "1-0"]
[WhiteElo "1265"]
[BlackElo "1000"]
[PlyCount "67"]

1. e4 e5 2. Nf3 Nc6 3. Bc4 h6 4. Nc3 d6 5. d4 Na5 6. Be3 exd4 7. Nxd4 Qf6 8.
Nd5 Qd8 9. b4 c6 10. Nc3 Qb6 11. bxa5 Qxd4 12. Qxd4 c5 13. Qd5 Be6 14. Qxb7 Rd8
15. Bb5+ Bd7 16. Bxd7+ Rxd7 17. Qb8+ Rd8 18. Qxa7 Be7 19. Rb1 Nf6 20. Rb7 Nd7
21. Nd5 Bf6 22. Nxf6+ gxf6 23. Qa6 Ne5 24. Bf4 O-O 25. Bxh6 Rfe8 26. O-O c4 27.
Qb6 c3 28. Qe3 Rc8 29. Qg3+ Ng6 30. f4 Kh7 31. f5 Rg8 32. Rxf7+ Kxh6 33. fxg6
Rxg6 34. Qh4# 1-0

[Event "Tournoi Skype 024B"]
[Site "Skype"]
[Date "????.??.??"]
[Round "5.36"]
[White "Ramirez, Luis Antonio"]
[Black "Farfallini, Michel"]
[Result "0-1"]
[WhiteElo "1000"]
[BlackElo "1185"]
[PlyCount "56"]

1. e4 e5 2. Nf3 Nc6 3. Bb5 a6 4. Bxc6 dxc6 5. Nxe5 Qd4 6. Nf3 Qxe4+ 7. Qe2
Qxe2+ 8. Kxe2 Bf5 9. d3 Bb4 10. h3 Ne7 11. c3 Ba5 12. Re1 O-O-O 13. Ne5 Rhf8
14. Bf4 f6 15. Nc4 Bxd3+ 16. Kd2 Bxc4+ 17. Kc2 Nd5 18. Nd2 Bb5 19. Rad1 Nxf4
20. Re7 Bd3+ 21. Kc1 Ne2+ 22. Rxe2 Bxe2 23. Re1 Rfe8 24. f3 Bd3 25. Ne4 f5 26.
Nf2 Rxe1+ 27. Kd2 Re2+ 28. Kd1 Bb5+ 0-1

[Event "Tournoi Skype 024B"]
[Site "Skype"]
[Date "????.??.??"]
[Round "5.37"]
[White "Homme, Jim"]
[Black "Sanchez, Pedro"]
[Result "0-1"]
[WhiteElo "1184"]
[BlackElo "1000"]
[PlyCount "68"]

1. d4 d5 2. Bf4 Nf6 3. Nf3 Nc6 4. Nbd2 e6 5. e3 Be7 6. Bd3 O-O 7. O-O Ng4 8. e4
Bd6 9. e5 Ncxe5 10. dxe5 Bc5 11. Be3 Qe7 12. Nb3 b6 13. h3 Nxe3 14. fxe3 Bxe3+
15. Kh1 Bf4 16. Nbd4 Bd7 17. Qe2 c5 18. Nb5 c4 19. Bxh7+ Kxh7 20. Nc3 g5 21.
Ng1 Kg6 22. Qg4 Bxe5 23. Nf3 f5 24. Nxe5+ Kg7 25. Qd4 Rf6 26. Nf3 Rh8 27. Nxg5
Rh5 28. Nf3 Kf8 29. Ne2 Qg7 30. Nf4 Rh8 31. Rae1 Rg8 32. Ne5 Ke7 33. Nxd5+ Kd8
34. Nxf6 Qxg2# 0-1

[Event "Tournoi Skype 024B"]
[Site "Skype"]
[Date "????.??.??"]
[Round "5.38"]
[White "Cengiz, Ali Ekber"]
[Black "Schuh, David"]
[Result "1-0"]
[WhiteElo "1176"]
[BlackElo "1000"]
[PlyCount "53"]

1. d4 d5 2. c4 dxc4 3. e4 Nf6 4. e5 Nfd7 5. Bxc4 e6 6. a3 h6 7. Nf3 Be7 8. Nc3
b6 9. d5 Ba6 10. Be2 exd5 11. Nxd5 Bxe2 12. Qxe2 Bc5 13. e6 O-O 14. O-O c6 15.
Nf4 Nf6 16. b4 Bd4 17. Rb1 Na6 18. Rd1 Rc8 19. Nxd4 c5 20. Nf5 cxb4 21. Rxd8
Rfxd8 22. Ne7+ Kf8 23. Nxc8 Rxc8 24. Qxa6 Rd8 25. Bb2 Ne4 26. Qxa7 Rd2 27.
Qxf7# 1-0

[Event "Tournoi Skype 024B"]
[Site "Skype"]
[Date "????.??.??"]
[Round "5.39"]
[White "Alverson, Ginny"]
[Black "Tembhurnekar, Ritu"]
[Result "0-1"]
[WhiteElo "1168"]
[BlackElo "1000"]
[PlyCount "70"]

1. Nf3 c6 2. d4 d5 3. e3 Nf6 4. Bd3 e6 5. O-O c5 6. Bb5+ Bd7 7. Nc3 a6 8. Ba4
Bd6 9. dxc5 Bxc5 10. Ne5 O-O 11. Bxd7 Nbxd7 12. Nxd7 Nxd7 13. Qf3 Nb6 14. b3
Bd6 15. Bb2 Be5 16. g3 Rc8 17. Qe2 Bxc3 18. Bxc3 Rxc3 19. Qd2 Qc7 20. Rac1 Qe5
21. f4 Qf6 22. Rf3 d4 23. Qxd4 Qxd4 24. exd4 Rxf3 25. Kg2 Re3 26. Kf2 Re4 27.
Rd1 Nd5 28. c4 Nc3 29. Rd3 Re2+ 30. Kf3 Rc2 31. c5 Nxa2 32. h4 Nb4 33. Re3 Nd5
34. Re5 Rc3+ 35. Ke4 Re3# 0-1

[Event "Tournoi Skype 024B"]
[Site "Skype"]
[Date "????.??.??"]
[Round "5.41"]
[White "Gagnon, Sindy"]
[Black "Bustos, Ricardo"]
[Result "0-1"]
[WhiteElo "1000"]
[BlackElo "1232"]
[PlyCount "48"]

1. e4 c5 2. c3 e5 3. d4 cxd4 4. cxd4 exd4 5. Qxd4 Nc6 6. Qc4 a6 7. Nf3 b5 8.
Qc3 Bb4 9. Bd2 Bxc3 10. Bxc3 Nf6 11. e5 Nd5 12. Bd3 Nxc3 13. Nxc3 O-O 14. O-O
Qe7 15. g3 Nxe5 16. Be4 Nxf3+ 17. Bxf3 Rb8 18. h4 Bb7 19. Bh5 g6 20. Bg4 f5 21.
Bh3 b4 22. Nd5 Bxd5 23. Rad1 Qe4 24. Bg2 Qxg2# 0-1

[Event "Tournoi Skype 024B"]
[Site "Skype"]
[Date "????.??.??"]
[Round "5.42"]
[White "Marty, Yvette"]
[Black "Latterra, Jeremias"]
[Result "0-1"]
[WhiteElo "1000"]
[BlackElo "1000"]
[PlyCount "50"]

1. e4 Nf6 2. Nc3 e6 3. e5 Be7 4. d4 Nd5 5. Ne4 d6 6. exd6 cxd6 7. Bb5+ Nc6 8.
Bd3 O-O 9. Ng5 Bxg5 10. Bxg5 Qxg5 11. Nf3 Qxg2 12. Rg1 Qh3 13. Ke2 e5 14. Kd2
exd4 15. Qe2 Ne5 16. Be4 Nf4 17. Rg3 Nxe2 18. Rxh3 Bxh3 19. Kxe2 Nc4 20. b3
Rac8 21. bxc4 Rxc4 22. Bd3 Re8+ 23. Kd2 Ra4 24. Rb1 Bg4 25. Ng5 Re5 0-1

[Event "Tournoi Skype 024B"]
[Site "Skype"]
[Date "????.??.??"]
[Round "6.1"]
[White "Calderon, Francisco"]
[Black "Singh, Suryapratap"]
[Result "0-1"]
[WhiteElo "1000"]
[BlackElo "1177"]
[PlyCount "30"]

1. e4 e5 2. Nf3 Nc6 3. Bc4 Nf6 4. Ng5 d5 5. exd5 Na5 6. d3 h6 7. Nf3 e4 8. Qe2
Nxc4 9. dxc4 Bc5 10. h3 O-O 11. Nh2 e3 12. f3 Nh5 13. Nf1 Nf4 14. Qd1 Nxg2+ 15.
Ke2 Nf4+ 0-1

[Event "Tournoi Skype 024B"]
[Site "Skype"]
[Date "????.??.??"]
[Round "6.2"]
[White "Tiberio, Pedro"]
[Black "Franca, Diego"]
[Result "1-0"]
[WhiteElo "1000"]
[BlackElo "1359"]
[PlyCount "47"]

1. e4 c6 2. d4 d5 3. e5 c5 4. Nf3 cxd4 5. Nxd4 Nc6 6. Nc3 Nxe5 7. Bb5+ Bd7 8.
O-O e6 9. Re1 Bd6 10. Bf4 a6 11. Bxd7+ Qxd7 12. Bxe5 Bxe5 13. Rxe5 Qd6 14. Qe2
Nf6 15. Nxe6 fxe6 16. Rxe6+ Qxe6 17. Qxe6+ Kf8 18. Nxd5 Re8 19. Qd6+ Kf7 20.
Qc7+ Kg6 21. Ne7+ Kh5 22. Qe5+ Kh6 23. f4 Ng4 24. Qg5# 1-0

[Event "Tournoi Skype 024B"]
[Site "Skype"]
[Date "????.??.??"]
[Round "6.3"]
[White "Kruzeniski, Randy"]
[Black "Maccaferri, Massimo"]
[Result "1-0"]
[WhiteElo "1435"]
[BlackElo "1248"]
[PlyCount "43"]

1. Nf3 b6 2. d4 Ba6 3. Nbd2 Nf6 4. c4 d5 5. e3 e6 6. Be2 Bb4 7. b3 Bxd2+ 8.
Qxd2 O-O 9. O-O Re8 10. Bb2 Re7 11. Ne5 Nfd7 12. Nxd7 Rxd7 13. Qc2 dxc4 14.
Bxc4 b5 15. Bd3 b4 16. Bxh7+ Kh8 17. Bd3 c5 18. Bxa6 Nxa6 19. Qc4 Qb6 20. dxc5
Nxc5 21. Qg4 Rg8 22. Qh5# 1-0

[Event "Tournoi Skype 024B"]
[Site "Skype"]
[Date "????.??.??"]
[Round "6.5"]
[White "Yilmazer, Seher"]
[Black "Escudero Ocana, Francisco"]
[Result "0-1"]
[WhiteElo "1173"]
[BlackElo "1363"]
[PlyCount "48"]

1. e4 c5 2. Nf3 d6 3. d4 cxd4 4. Nxd4 Nf6 5. Qf3 Qb6 6. c3 e5 7. Bb5+ Bd7 8.
Bxd7+ Nbxd7 9. Nf5 Nc5 10. Nd2 Qb5 11. c4 Qc6 12. Qg3 g6 13. Nh4 Ncxe4 14. Qf3
Bh6 15. Nxe4 Nxe4 16. Bxh6 Qxc4 17. Rc1 Qb4+ 18. Bd2 Qxd2+ 19. Kf1 Qxc1+ 20.
Ke2 Qxb2+ 21. Ke3 d5 22. Qe2 Qd4+ 23. Kf3 Ng5+ 24. Kg3 Qf4# 0-1

[Event "Tournoi Skype 024B"]
[Site "Skype"]
[Date "????.??.??"]
[Round "6.6"]
[White "Morelli, Daniel"]
[Black "De Nobrega, George"]
[Result "1/2-1/2"]
[WhiteElo "1351"]
[BlackElo "1346"]
[PlyCount "78"]

1. e4 e5 2. Nf3 d6 3. Bc4 h6 4. d4 exd4 5. Nxd4 Nf6 6. Nf3 Nc6 7. Nc3 Qe7 8.
O-O Be6 9. Re1 Bxc4 10. b3 Be6 11. Nd5 Qd8 12. Bb2 Be7 13. c4 O-O 14. e5 dxe5
15. Nxe5 Nxe5 16. Bxe5 c6 17. Nxe7+ Kh7 18. Qc2+ Kh8 19. Bxf6 gxf6 20. Ng6+
fxg6 21. Rxe6 Kg7 22. h4 Qd4 23. Rd1 Qxh4 24. Rd7+ Rf7 25. Ree7 Raf8 26. Rxb7
Rxe7 27. Rxe7+ Rf7 28. Re6 Rc7 29. c5 Qg4 30. Rd6 Qc8 31. Qc3 Qf8 32. Qd4 h5
33. Rd7+ Rxd7 34. Qxd7+ Kh6 35. Qxc6 Qd8 36. Qd6 Qa5 37. c6 Qe1+ 38. Kh2 Qxf2
39. c7 Qh4+ 1/2-1/2

[Event "Tournoi Skype 024B"]
[Site "Skype"]
[Date "????.??.??"]
[Round "6.7"]
[White "Navghane, Rahul"]
[Black "Silva, Givson"]
[Result "1-0"]
[WhiteElo "1482"]
[BlackElo "1320"]
[PlyCount "111"]

1. e4 e6 2. d4 d5 3. exd5 exd5 4. Nf3 Nf6 5. c4 Bb4+ 6. Bd2 Bxd2+ 7. Qxd2 Ne4
8. Qe3 O-O 9. cxd5 Re8 10. Be2 Bg4 11. Nc3 Nxc3 12. Qxc3 Nd7 13. h3 Qe7 14. Qd3
Qb4+ 15. Qd2 Qxd2+ 16. Kxd2 Bf5 17. Rac1 Nf6 18. Rxc7 Ne4+ 19. Ke1 Nd6 20. Kd1
Ne4 21. Rf1 Nd6 22. g4 Rac8 23. Rxc8 Bxc8 24. Bd3 g6 25. Nh2 f5 26. g5 b5 27.
f4 Bb7 28. Nf3 Bxd5 29. a3 Nc4 30. Kc1 Re3 31. Bxc4 Bxc4 32. Rf2 Re2 33. Rxe2
Bxe2 34. Ne5 Kf8 35. d5 Ke7 36. Kd2 Bf1 37. Ke3 Bxh3 38. Kd4 Bf1 39. b3 Kd6 40.
Nf7+ Ke7 41. Ne5 Kd6 42. Nc6 a6 43. Nb4 a5 44. Nc6 a4 45. bxa4 bxa4 46. Nb4 Bb5
47. Nc2 Ba6 48. Ne3 Be2 49. Nc4+ Kc7 50. Kc5 Bxc4 51. Kxc4 Kd6 52. Kd4 Ke7 53.
Ke5 Kd7 54. d6 Ke8 55. Ke6 Kd8 56. d7 1-0

[Event "Tournoi Skype 024B"]
[Site "Skype"]
[Date "????.??.??"]
[Round "6.8"]
[White "Amato, Ludovica"]
[Black "Martin, Jean-Claude"]
[Result "1-0"]
[WhiteElo "1289"]
[BlackElo "1471"]
[PlyCount "75"]

1. e4 e5 2. Nf3 Nc6 3. Bc4 Bc5 4. c3 Nf6 5. d3 d6 6. Bb3 O-O 7. O-O h6 8. h3
Re8 9. Re1 Be6 10. d4 exd4 11. cxd4 Bxb3 12. Qxb3 Na5 13. Qc2 Bb6 14. d5 Rc8
15. b4 c6 16. Qd3 cxd5 17. bxa5 Bxa5 18. Bd2 Bxd2 19. Nbxd2 dxe4 20. Nxe4 d5
21. Nxf6+ Qxf6 22. Rxe8+ Rxe8 23. Rd1 Rd8 24. Qb3 b6 25. Rxd5 Rxd5 26. Qxd5
Qa1+ 27. Kh2 Qb2 28. Kg3 Qa3 29. Qa8+ Kh7 30. Qe4+ Kg8 31. Qe8+ Qf8 32. Qxf8+
Kxf8 33. Nd4 g6 34. Kf4 a6 35. Ke5 b5 36. a3 Ke8 37. Kd6 Kd8 38. Kc6 1-0

[Event "Tournoi Skype 024B"]
[Site "Skype"]
[Date "????.??.??"]
[Round "6.9"]
[White "Khabou, Taha"]
[Black "Malbec, Robert"]
[Result "1-0"]
[WhiteElo "1344"]
[BlackElo "1451"]
[PlyCount "49"]

1. d4 d5 2. c4 a6 3. cxd5 Qxd5 4. Nc3 Qd8 5. Nf3 Nf6 6. Bg5 e6 7. a3 Be7 8. e3
O-O 9. Bd3 Nbd7 10. Bc2 b5 11. Qd3 g6 12. O-O Bb7 13. Rfd1 Bxf3 14. gxf3 Nh5
15. Bxe7 Qxe7 16. Ne4 Qh4 17. Qe2 Nhf6 18. Kh1 a5 19. Rg1 Rac8 20. Rac1 Nxe4
21. Bxe4 Nf6 22. Bb7 Rb8 23. Rxc7 Ne8 24. Rg4 Rd8 25. Rxh4 1-0

[Event "Tournoi Skype 024B"]
[Site "Skype"]
[Date "????.??.??"]
[Round "6.10"]
[White "Couto, Januario"]
[Black "Wahule, Satish"]
[Result "1-0"]
[WhiteElo "1441"]
[BlackElo "1272"]
[PlyCount "121"]

1. e4 c6 2. Nf3 d5 3. Nc3 d4 4. Ne2 c5 5. c3 d3 6. Nf4 c4 7. Qa4+ Nc6 8. Qxc4
Bg4 9. Qxd3 Nf6 10. Be2 Qxd3 11. Nxd3 Nxe4 12. h3 Bf5 13. Nf4 e5 14. Nd5 Bd6
15. O-O O-O 16. d3 Nc5 17. d4 Nd7 18. dxe5 Ndxe5 19. Nxe5 Nxe5 20. Bf4 Rfe8 21.
Rfe1 Be6 22. Bxe5 Bxe5 23. Bf3 Bd6 24. Ne3 Re7 25. Bd5 Rae8 26. Bxe6 Rxe6 27.
Kf1 Rd8 28. Rad1 Kf8 29. Nf5 Rxe1+ 30. Rxe1 g6 31. Nxd6 Rxd6 32. f4 Rd2 33. Re2
Rxe2 34. Kxe2 Ke8 35. g4 Kd7 36. Kd3 Kc7 37. b3 b5 38. a3 Kb6 39. c4 a5 40. b4
bxc4+ 41. Kxc4 axb4 42. axb4 f5 43. gxf5 gxf5 44. b5 Kb7 45. Kc5 Kc7 46. b6+
Kb8 47. Kc6 Kc8 48. b7+ Kb8 49. h4 h5 50. Kd6 Kxb7 51. Ke6 Kc7 52. Kxf5 Kd7 53.
Kg5 Ke6 54. f5+ Kf7 55. f6 Kg8 56. Kxh5 Kh7 57. Kg5 Kg8 58. Kg6 Kh8 59. h5 Kg8
60. f7+ Kh8 61. f8=Q# 1-0

[Event "Tournoi Skype 024B"]
[Site "Skype"]
[Date "????.??.??"]
[Round "6.11"]
[White "Luna Perez Vico, Lorenzo"]
[Black "Bankhede, Shivkumar"]
[Result "0-1"]
[WhiteElo "1395"]
[BlackElo "1274"]
[PlyCount "94"]

1. e4 e5 2. Nf3 Nf6 3. d3 d6 4. Nc3 Be7 5. Be2 O-O 6. O-O Nc6 7. h3 a6 8. d4
Nxd4 9. Nxd4 exd4 10. Qxd4 Re8 11. Nd5 Nxd5 12. exd5 Bg5 13. Qd1 Bxc1 14. Rxc1
Qf6 15. c3 Qg5 16. Kh1 Re4 17. f3 Rh4 18. Kh2 Qf4+ 19. Kg1 Qg3 20. Qe1 Qxe1 21.
Rfxe1 g6 22. Kf2 b5 23. Kg3 g5 24. Bd3 Ra4 25. Re8+ Kg7 26. a3 Bb7 27. Rxa8
Bxa8 28. Bc2 Rf4 29. Kf2 Bxd5 30. Re1 h5 31. Re3 f6 32. g3 Rc4 33. b3 Rc6 34.
b4 Bf7 35. Re7 Kf8 36. Re3 Kg7 37. g4 hxg4 38. hxg4 Rc4 39. Bb3 Rf4 40. Bxf7
Kxf7 41. Re4 Rxe4 42. fxe4 c5 43. Ke3 Ke6 44. Kd3 Ke5 45. Ke3 cxb4 46. cxb4 d5
47. Kd3 dxe4+ 0-1

[Event "Tournoi Skype 024B"]
[Site "Skype"]
[Date "????.??.??"]
[Round "6.12"]
[White "Lucena Vaz, Jose"]
[Black "Vincent, Andre"]
[Result "1/2-1/2"]
[WhiteElo "1000"]
[BlackElo "1330"]
[PlyCount "140"]

1. e4 c5 2. Nc3 d6 3. d3 Bd7 4. Nf3 Nf6 5. g3 Nc6 6. Bg2 e6 7. O-O Be7 8. Bf4
e5 9. Bd2 h6 10. Re1 Be6 11. a3 O-O 12. b4 a6 13. bxc5 dxc5 14. Be3 Qd6 15. Qb1
Rab8 16. Qb6 Nd7 17. Qb2 Nd4 18. Ne2 Nxe2+ 19. Rxe2 Rfc8 20. Bd2 b5 21. Bc3 Bf6
22. Rd2 Nb6 23. Bxe5 Bxe5 24. Qxe5 Qxe5 25. Nxe5 Nd7 26. Nxd7 Bxd7 27. e5 Be6
28. c3 Rd8 29. Be4 Rb6 30. Rb1 a5 31. Rdb2 Rdb8 32. f4 g6 33. Kf2 Kf8 34. Kf3
Kg7 35. g4 a4 36. f5 gxf5 37. gxf5 Bc8 38. f6+ Kf8 39. Kf4 h5 40. Bf5 Bxf5 41.
Kxf5 Ke8 42. Rh1 Kd7 43. Rg1 Kc6 44. Rg7 R8b7 45. Rh7 b4 46. cxb4 cxb4 47. Rg7
bxa3 48. Rxb6+ Kxb6 49. Rg1 Kc5 50. Ke4 Rb4+ 51. Ke3 Rb2 52. Ra1 a2 53. h4 a3
54. Rc1+ Kb5 55. Ra1 Kc5 56. Rc1+ Kb5 57. Ra1 Kc5 58. d4+ Kc6 59. Kd3 Kd5 60.
Kc3 Ke4 61. Kc4 Rc2+ 62. Kb3 Rb2+ 63. Kxa3 Re2 64. Rxa2 Rxa2+ 65. Kxa2 Kxd4 66.
Kb2 Kxe5 67. Kc3 Kxf6 68. Kc4 Kf5 69. Kd4 Kg4 70. Ke3 Kxh4 1/2-1/2

[Event "Tournoi Skype 024B"]
[Site "Skype"]
[Date "????.??.??"]
[Round "6.13"]
[White "Sanchez Padilla, Armando Edilber"]
[Black "Legueltel, Daniel"]
[Result "0-1"]
[WhiteElo "1271"]
[BlackElo "1544"]
[PlyCount "54"]

1. e4 c5 2. Nf3 Nc6 3. c3 d6 4. d4 cxd4 5. cxd4 Nf6 6. Nc3 g6 7. Bc4 Bg7 8. Ng5
O-O 9. a3 e6 10. b4 d5 11. Ba2 dxe4 12. Be3 Nd5 13. Ne2 Nxe3 14. fxe3 Qxg5 15.
O-O Qxe3+ 16. Kh1 Nxd4 17. Ng3 Nf5 18. Nxf5 exf5 19. Rc1 Be6 20. Bb1 Rfd8 21.
Qe1 Qxe1 22. Rfxe1 Bb2 23. Rc2 Bxa3 24. Rf2 Bxb4 25. Rc1 a5 26. Bc2 Rac8 27. g3
Bd2 0-1

[Event "Tournoi Skype 024B"]
[Site "Skype"]
[Date "????.??.??"]
[Round "6.14"]
[White "Duthoit, Bernard"]
[Black "Battaglia, Gabriele"]
[Result "1-0"]
[WhiteElo "1410"]
[BlackElo "1282"]
[PlyCount "75"]

1. e4 c5 2. Nf3 g6 3. c3 Bg7 4. e5 Nc6 5. d4 cxd4 6. cxd4 Qb6 7. b3 e6 8. Bb2
Nge7 9. Nc3 Nf5 10. Ne2 O-O 11. Ng3 Qb4+ 12. Qd2 Qxd2+ 13. Nxd2 Nfxd4 14. Rc1
Bxe5 15. Bc4 Nc2+ 16. Rxc2 Nb4 17. Bxe5 Nxc2+ 18. Kd1 Na3 19. Bd6 Re8 20. Bxa3
d5 21. Bb5 Rd8 22. Be7 Bd7 23. Bxd8 Rxd8 24. Bxd7 Rxd7 25. Ke2 Rc7 26. a4 Rc3
27. Rb1 Rc2 28. Kd1 Rc3 29. Ne2 Rc6 30. Rc1 Kg7 31. Rxc6 bxc6 32. Nd4 c5 33.
Nc6 a6 34. a5 Kf6 35. Nb8 Ke5 36. Nxa6 Kd4 37. Nc7 c4 38. a6 1-0

[Event "Tournoi Skype 024B"]
[Site "Skype"]
[Date "????.??.??"]
[Round "6.15"]
[White "Dhenain, Sebastien"]
[Black "Carballo, Jorge"]
[Result "0-1"]
[WhiteElo "1244"]
[BlackElo "1398"]
[PlyCount "64"]

1. e4 e5 2. Nf3 Nc6 3. c3 Nf6 4. d4 exd4 5. cxd4 d6 6. e5 dxe5 7. Bb5 Bd7 8.
Nxe5 Nxe5 9. Qe2 Bxb5 10. Qxb5+ Ned7 11. O-O Be7 12. Re1 O-O 13. Nc3 Nb6 14.
Rd1 c6 15. Qe5 Re8 16. h3 Bd6 17. Qg5 h6 18. Qf5 Qd7 19. Qf3 Bf8 20. Qg3 Qd6
21. Bf4 Qd7 22. Bxh6 Ne4 23. Nxe4 Rxe4 24. f3 Rxd4 25. Rxd4 Qxd4+ 26. Kh1 Qxb2
27. Re1 Qxa2 28. Re4 Qa1+ 29. Kh2 Rd8 30. Rg4 Bd6 31. Rxg7+ Qxg7 32. f4 Qxg3+
0-1

[Event "Tournoi Skype 024B"]
[Site "Skype"]
[Date "????.??.??"]
[Round "6.16"]
[White "Hernandez, George"]
[Black "Codina, Teresa"]
[Result "1-0"]
[WhiteElo "1378"]
[BlackElo "1159"]
[PlyCount "57"]

1. e4 c5 2. Nf3 d6 3. d4 cxd4 4. Nxd4 Nf6 5. Nc3 a6 6. f3 g6 7. Be3 Bg7 8. Qd2
O-O 9. Be2 Nc6 10. h4 Bd7 11. g4 Nxd4 12. Bxd4 Re8 13. O-O-O e5 14. Be3 Qc7 15.
h5 h6 16. hxg6 fxg6 17. Bxh6 Bc6 18. Bxg7 Qxg7 19. Rh6 Kf7 20. Qg5 Rh8 21. Rxg6
Qxg6 22. Bc4+ d5 23. Bxd5+ Bxd5 24. Qxe5 Rae8 25. Qc7+ Re7 26. Qf4 Qh6 27. g5
Rxe4 28. fxe4 Qg6 29. Nxd5 1-0

[Event "Tournoi Skype 024B"]
[Site "Skype"]
[Date "????.??.??"]
[Round "6.18"]
[White "Castellar, Juarez Iorio"]
[Black "Felippe E Silva, Glenda"]
[Result "1-0"]
[WhiteElo "1324"]
[BlackElo "1259"]
[PlyCount "45"]

1. Nf3 d5 2. d3 e6 3. g3 Nf6 4. Bg2 c6 5. O-O Be7 6. Nbd2 Nbd7 7. Re1 O-O 8. e4
dxe4 9. dxe4 Qc7 10. Nf1 Nxe4 11. Rxe4 b6 12. h4 Rd8 13. Qe1 Nf6 14. Rd4 c5 15.
Rxd8+ Qxd8 16. Bg5 Bb7 17. Rd1 Nd5 18. Bxe7 Qxe7 19. N3h2 Nb4 20. Bxb7 Qxb7 21.
Qd2 Nxa2 22. Qd8+ Rxd8 23. Rxd8# 1-0

[Event "Tournoi Skype 024B"]
[Site "Skype"]
[Date "????.??.??"]
[Round "6.19"]
[White "Perez, Luis-Horacio"]
[Black "Scata, Laura"]
[Result "1-0"]
[WhiteElo "1000"]
[BlackElo "1304"]
[PlyCount "43"]

1. Nf3 d5 2. d4 c6 3. Nc3 Bf5 4. e3 e6 5. Bd3 Bxd3 6. Qxd3 Nd7 7. e4 Bd6 8. Bd2
Ne7 9. a3 c5 10. exd5 exd5 11. dxc5 Nxc5 12. Qe2 O-O 13. O-O-O Re8 14. h4 Nc6
15. Be3 Bf4 16. Nxd5 Bxe3+ 17. Nxe3 Qb6 18. Qd2 Ne4 19. Nc4 Qxf2 20. Qd5 Qxg2
21. Ng5 Nxg5 22. Qxg2 1-0

[Event "Tournoi Skype 024B"]
[Site "Skype"]
[Date "????.??.??"]
[Round "6.20"]
[White "Pezzolato, Erica"]
[Black "Erten, Ozlem"]
[Result "1/2-1/2"]
[WhiteElo "1000"]
[BlackElo "1302"]
[PlyCount "94"]

1. Nf3 d5 2. g3 c6 3. Bg2 Bf5 4. O-O e6 5. d3 Bd6 6. Nc3 Nf6 7. Bd2 O-O 8. Re1
e5 9. e4 dxe4 10. dxe4 Bg6 11. a3 h6 12. Nh4 Bh7 13. Qe2 Re8 14. b4 Qc7 15. Na2
b5 16. c4 bxc4 17. Qxc4 a6 18. Rac1 Rc8 19. Nf5 c5 20. Nxd6 Qxd6 21. Rc2 Nbd7
22. Rec1 Nb6 23. bxc5 Nxc4 24. cxd6 Nxd6 25. Rxc8+ Rxc8 26. Rxc8+ Nxc8 27. f3
Nd6 28. Nb4 Nc4 29. Bc3 Nxa3 30. Bxe5 a5 31. Nd5 Nd7 32. Bd4 Nc4 33. Kf2 f6 34.
Bh3 Nde5 35. Bf1 Nd2 36. Bb5 Ndxf3 37. Bxe5 Nxe5 38. Nc3 f5 39. exf5 Bxf5 40.
Nd5 Bh3 41. Nf4 Bc8 42. Be2 a4 43. Nd5 a3 44. Nb4 Be6 45. Nc2 a2 46. Ke3 Nc6
47. Bb5 Nb4 1/2-1/2

[Event "Tournoi Skype 024B"]
[Site "Skype"]
[Date "????.??.??"]
[Round "6.21"]
[White "Santos, Joselito"]
[Black "Yanez, Leticia Jorgelina"]
[Result "0-1"]
[WhiteElo "1000"]
[BlackElo "1293"]
[PlyCount "164"]

1. d4 d5 2. Nf3 Nf6 3. h3 e6 4. Bg5 Nbd7 5. e3 a6 6. Bd3 b6 7. O-O Bb7 8. c3
Bd6 9. Nbd2 Qc8 10. Bxf6 Nxf6 11. b4 O-O 12. Qc2 g6 13. a3 c5 14. Rfc1 c4 15.
Be2 Qc7 16. a4 e5 17. Nf1 e4 18. N3h2 Rfe8 19. a5 b5 20. g3 Re6 21. Kg2 Rae8
22. Qd1 h5 23. h4 Bc8 24. Nd2 Nh7 25. Nb1 Rf6 26. Qe1 Rf5 27. Bf1 g5 28. hxg5
Rxg5 29. Rc2 h4 30. Kh1 hxg3 31. fxg3 Bxg3 32. Qe2 Bxh2 33. Qxh2 Qxh2+ 34. Kxh2
Rh5+ 35. Kg1 Kh8 36. Rg2 Bh3 37. Rg3 Bxf1 38. Kxf1 Rf5+ 39. Ke2 Re6 40. Na3
Ref6 41. Rg2 Rh6 42. Rag1 Nf6 43. Nxb5 axb5 44. a6 Nh5 45. a7 Ra6 46. Rg8+ Kh7
47. a8=Q Rxa8 48. Rxa8 Rf3 49. Rgg8 Ng3+ 50. Rxg3 Rxg3 51. Rb8 Rg2+ 52. Kf1 Rc2
53. Rxb5 Rxc3 54. Rxd5 Rxe3 55. Rc5 c3 56. b5 Rf3+ 57. Ke2 c2 58. Rxc2 Rb3 59.
Rc5 Rb4 60. d5 f5 61. d6 f4 62. Rd5 Rb2+ 63. Kd1 f3 64. d7 f2 65. Rh5+ Kg6 66.
Kc1 f1=Q+ 67. Kxb2 Qf8 68. Rd5 Qb4+ 69. Ka1 Qc3+ 70. Kb1 Qb3+ 71. Ka1 Qxd5 72.
b6 Qxd7 73. Ka2 Qb7 74. Kb3 Qxb6+ 75. Kc4 e3 76. Kd5 e2 77. Kc4 e1=R 78. Kd3
Qd6+ 79. Kc3 Re5 80. Kc2 Rc5+ 81. Kb3 Qb6+ 82. Ka2 Ra5# 0-1